000 01809nam a2200205Ia 4500
001 b6632-47597
003 IT-MiCISF
008 161014s9999||||xx |||||||||||||| ||und||
040 _aIT-MiCISF
_cIT-MiCISF
041 _ait
100 _aFiorin Massimiliano
245 0 _aLa fabbrica dei divorzi
_bIl diritto contro la famiglia
250 _a1a ed.
260 _aCinisello Balsamo (MI)
_bSan Paolo
_c2008
300 _app. 303
500 _a / divorzio, società, cultura, diritto, padre, assenza-padre, cambiamento / In quasi quarant'anni dall'approvazione della legge Fortuna-Baslini, fino a che punto il divorzio ha trasformato la società italiana? Che cosa è rimasto del matrimonio tradizionale, e quali sono le prospettive future della famiglia? E' anche per rispondere a queste domande che il presente libro descrive la realtà delle separazioni coniugali e dell'affidamento dei figli, in Italia. Il libro parte dall'esame di ciò che avviene ogni giorno nei tribunali e negli studi degli avvocati, dove la "fabbrica dei divorzi" si muove secondo una logica ferrea da catena di montaggio. Dai fatti raccontati risulta con chiarezza quanto sia opportuno che tutti gli operatori di questo settore - avvocati, magistrati e consulenti - rivedano i loro modi di pensare e di agire. Successivamente, il discorso viene esteso all'intera cultura occidentale, alla ricerca di come e dove tutto sia iniziato. Su un piano più strettamente giuridico, si tenta poi di rompere il tabù dell'intangibilità della legge sul divorzio, indicando modelli alternativi come il cosiddetto covenant marriage, sempre più diffuso negli Stati Uniti, per riscoprire in essi il significato più profondo del matrimonio.
650 _a Famiglia nella società / divorzio
_e006
942 _cBK
957 _71
999 _a47597
_bsi
_g1
_c210393
_d210393